000 00517nam a2200217Ia 4500
003 OSt
005 20250729092706.0
008 210210b2016 xxu||||| |||| 00| 0 eng d
020 _a8122501184
040 _cAL
041 _aeng
082 _a637.132 AHMD
100 _aTufail Ahmad
_942103
245 _aDairy plant engineering and management
250 _a8
260 _aAllahabad
_bKitab mahal
_c2016
300 _axv,816p
690 _aDairy Technologies
_942104
906 _a070496
942 _2ddc
_cBK
999 _c120110
_d120110